000 00719nam a2200205Ia 4500
003 IN-BaIIA
008 211028s9999 xx 000 0 eng d
020 _a978-0-521-63304-8
040 _cIIA Library
080 _a530.145
_bPOL-II
100 _aPolchinski, Joseph
_922522
245 0 _aString theory
_bvol. II, superstring theory and beyond
_cJoseph Polchinski
260 _aCambridge
_bCambridge University Press
_c1998
300 _axix, 531p.
490 _aCambridge monographs on mathematical physics
650 _aQuantum physics
_92816
650 _aString theory
_919583
650 _aSuperstrings
_918896
942 _cBK
999 _c12841
_d12841